000 00597nam a2200217Ia 4500
005 20250508164403.0
008 008 250505s9999 xx 000 0 hin d
020 _a81-267-0579-5
037 _aTextual
040 _aFEDL
_beng
_cFEDL
041 _ahin
_2eng
084 _a891.43, DWI
_qFEDL
100 _aDwivedi Hazari Prasad
245 0 _aHindi sahitya ki bhoomika
260 _aNew Delhi, India
_bRaj Kamal Prakashan Pvt Ltd
_c2006
300 _a245p
365 _aINR
_b295
650 _aHindi Literature
942 _cTEXL
_h891.43, DWI
999 _c1388885
_d1388885